Crisis en los partidos: urgen nuevos planteamientos políticos /
Salvato in:
| Autore principale: | |
|---|---|
| Natura: | testo |
| Tags: |
Aggiungi Tag
Nessun Tag, puoi essere il primo ad aggiungerne!!
|
MARC
| LEADER | 00000 a a2200000 04500 | ||
|---|---|---|---|
| 001 | 1583 | ||
| 003 | |||
| 040 | |||
| 100 | |a Rojas, Juan Ramón | ||
| 245 | |a Crisis en los partidos: |b urgen nuevos planteamientos políticos / |c Juan Ramón Rojas | ||
| 773 | |g número 20; páginas 9-12 | ||
| 999 | |c 25105 |d 25105 | ||
